| 000 | 00897nam a22002537a 4500 | ||
|---|---|---|---|
| 008 | 171121t2014 xxua|||g |||| 001 0 eng d | ||
| 020 | _a9780124016903 | ||
| 040 |
_aEG-ScBUE _beng _cEG-ScBUE |
||
| 082 | 0 | 4 |
_222 _a332.63 _bGLA |
| 100 | 1 | _aGlantz, Morton. | |
| 245 | 1 |
_aMulti-asset risk modeling : _btechniques for a global economy in an electronic and algorithmic trading era / _cMorton Glantz, Robert Kissell. |
|
| 260 |
_aAmsterdam : _bAcademic Press, _c2014. |
||
| 300 |
_axxvii, 516 p : _bill ; _c25 cm. |
||
| 504 | _aIncludes bibliographical references and index. | ||
| 590 | _aSuzan Ashmawy | ||
| 650 | 7 |
_2BUEsh _aRisk management. _xMathematical models. |
|
| 650 | 7 | _aInvestments. | |
| 650 | 7 |
_aPortfolio management. _xStatistical methods. |
|
| 650 | 7 | _aInvestment analysis. | |
| 650 | 7 | _aRisk management. | |
| 651 | _2BUEsh | ||
| 700 | 1 |
_aKissell, Robert, _eAuthor. |
|
| 942 | _2ddc | ||
| 999 |
_c25630 _d25602 |
||